000
00335 a2200157 4500
001
61969
020
_a
9788520933107
040
_c
Anchieta - Pituba
100
_a
Martel, Yann
240
1
0
_a
As aventuras de Pi
_l
por
245
1
0
_a
As aventuras de Pi
300
_a
371
362
0
_a
2012
650
4
_a
Romance canadense
942
_c
BK
999
_c
61969
_d
61969